[Event "WY Boys-U16"]
[Site "Porto Carras GRE"]
[Date "2010.10.26"]
[Round "7.17"]
[White "Moussard, Jules"]
[Black "Matt, Fabian"]
[Result "1/2-1/2"]
[WhiteTitle "FM"]
[WhiteElo "2423"]
[BlackElo "2125"]
[WhiteFideId "642908"]
[BlackFideId "1623303"]
[EventDate "2010.10.20"]

1. e4 e5 2. Nf3 Nf6 3. d4 Nxe4 4. dxe5 d5 5. Nbd2 Nxd2 6. Qxd2 Be7 7. Bd3 c5 8.
c3 Nc6 9. Qf4 Be6 10. Bd2 Qc7 11. O-O O-O-O 12. Rfe1 h6 13. b4 g5 14. Qg3 g4 15.
b5 Na5 16. Nh4 c4 17. Bc2 Qd7 18. Rab1 b6 19. Be3 Rdg8 20. Rf1 Nb7 21. a4 Nc5
22. Rbd1 Nxa4 23. Bxa4 Qd8 24. Bc2 Bxh4 25. Qf4 Bg5 26. Qd4 Qc7 27. Ra1 Bxe3 28.
fxe3 Kb8 29. Ra2 Rd8 30. Rfa1 Rd7 31. Rxa7 Qxa7 32. Rxa7 Kxa7 33. Qf4 Kb8 34.
Qf6 Rg8 35. Qxh6 Ra7 36. Bh7 Ra1+ 37. Kf2 g3+ 38. hxg3 Ra2+ 39. Kf1 Ra1+ 40. Ke2
Ra2+ 41. Kd1 1/2-1/2

[Event "WY Boys-U16"]
[Site "Porto Carras GRE"]
[Date "2010.10.26"]
[Round "7.18"]
[White "Wertjanz, David"]
[Black "Narayanan, Srinath"]
[Result "1/2-1/2"]
[BlackTitle "IM"]
[WhiteElo "2209"]
[BlackElo "2383"]
[WhiteFideId "1618989"]
[BlackFideId "5018420"]
[EventDate "2010.10.20"]

1. e4 c5 2. Nf3 d6 3. d4 cxd4 4. Nxd4 Nf6 5. Nc3 a6 6. Bc4 e6 7. Bb3 Nbd7 8. f4
Nc5 9. e5 Nfd7 10. exd6 Nf6 11. Qe2 Bxd6 12. Nf5 O-O 13. Nxd6 Qxd6 14. Be3 Nxb3
15. axb3 e5 16. O-O exf4 17. Bxf4 Qc5+ 18. Qe3 Qxe3+ 19. Bxe3 Be6 20. Rad1 Rac8
21. Rd6 Rc7 22. Rfd1 Rd7 23. Ne4 Rfd8 24. Nxf6+ gxf6 25. Rxd7 Rxd7 26. Rxd7 Bxd7
27. Kf2 Kg7 28. Bf4 Bf5 29. c3 Be6 30. b4 Kg6 31. h4 1/2-1/2

[Event "WY Boys-U16"]
[Site "Porto Carras GRE"]
[Date "2010.10.27"]
[Round "8.1"]
[White "Predke, Alexandr"]
[Black "Dragun, Kamil"]
[Result "1/2-1/2"]
[BlackTitle "FM"]
[WhiteElo "2436"]
[BlackElo "2392"]
[WhiteFideId "24107581"]
[BlackFideId "1134167"]
[EventDate "2010.10.20"]

1. e4 c5 2. Nf3 d6 3. d4 cxd4 4. Nxd4 Nf6 5. Nc3 Nc6 6. Bg5 Qb6 7. Nb3 e6 8. Qd2
a6 9. O-O-O Be7 10. f4 O-O 11. Bxf6 Bxf6 12. Qxd6 Bxc3 13. bxc3 e5 14. f5 Qe3+
15. Kb2 Qxe4 16. Bd3 Qh4 17. g3 Qg5 18. Rhf1 Rd8 19. Qc7 Qe7 20. Qb6 Bd7 21. Nc5
Rac8 22. Ne4 Qf8 23. g4 Nb8 24. g5 Bc6 25. g6 Nd7 26. Qe3 Bxe4 27. Qxe4 Nf6 28.
Qxe5 Rd5 29. Qf4 Rdc5 30. Qd4 Rxc3 31. Qxc3 Rxc3 32. Kxc3 Qa3+ 33. Kd2 Qa5+ 34.
Kc1 Qa3+ 35. Kd2 Qa5+ 36. Kc1 Qa3+ 1/2-1/2

[Event "WY Boys-U16"]
[Site "Porto Carras GRE"]
[Date "2010.10.27"]
[Round "8.2"]
[White "Lagarde, Maxime"]
[Black "Krzyzanowski, Marcin"]
[Result "0-1"]
[WhiteTitle "FM"]
[WhiteElo "2433"]
[BlackElo "2356"]
[WhiteFideId "662399"]
[BlackFideId "1132199"]
[EventDate "2010.10.20"]

1. e4 e5 2. Nf3 Nc6 3. Bb5 a6 4. Ba4 Nf6 5. d3 d6 6. c3 Be7 7. Nbd2 O-O 8. O-O
Nd7 9. Re1 Bf6 10. Nf1 Nb6 11. Bb3 d5 12. Ne3 dxe4 13. dxe4 Qxd1 14. Rxd1 Rd8
15. Nd5 Nxd5 16. Bxd5 Be6 17. c4 Bg4 18. Be3 Nd4 19. Bxb7 Rab8 20. Bxa6 Rxb2 21.
Bxd4 exd4 22. Bb5 d3 23. a4 d2 24. e5 Bxe5 25. Bc6 Rb6 26. c5 Rxc6 27. Rxd2 Rxd2
28. Nxe5 Bd7 29. Nxc6 Bxc6 30. a5 Bb5 31. h3 Ba6 32. Rb1 Rd8 33. c6 Kf8 34. Rb7
Rc8 35. Rb4 Ke7 36. Rd4 Bb5 0-1

[Event "WY Boys-U16"]
[Site "Porto Carras GRE"]
[Date "2010.10.27"]
[Round "8.3"]
[White "Andersen, Mads"]
[Black "Savitskiy, Sergey"]
[Result "0-1"]
[WhiteTitle "FM"]
[WhiteElo "2385"]
[BlackElo "2373"]
[WhiteFideId "1413864"]
[BlackFideId "24105660"]
[EventDate "2010.10.20"]

1. d4 Nf6 2. c4 g6 3. Nc3 Bg7 4. e4 d6 5. Nf3 O-O 6. Be2 e5 7. O-O Na6 8. Be3
Ng4 9. Bg5 f6 10. Bd2 Nh6 11. Qc1 Nf7 12. Rd1 c6 13. Be3 Qe7 14. a3 f5 15. dxe5
dxe5 16. b4 f4 17. Bd2 g5 18. h3 g4 19. hxg4 Bxg4 20. Nh2 Be6 21. Na4 Rfd8 22.
Qc2 Ng5 23. Be1 Nc7 24. Nf3 Nxf3+ 25. Bxf3 Qf7 26. Nb2 h5 27. Rxd8+ Rxd8 28. Rd1
Rf8 29. Bc3 Bg4 30. Qe2 Qg6 31. Nd3 Re8 32. Ne1 Ne6 33. Rd7 Nd8 34. Rd2 Nf7 35.
c5 Kh8 36. Kf1 Bf6 37. Qc4 Be6 38. Qe2 Rg8 39. Nc2 h4 40. Ke1 h3 41. Qf1 hxg2
42. Qg1 Qh7 43. Rd1 Ng5 44. Qxg2 Nxf3+ 45. Qxf3 Bg4 46. Qxf4 Qh1+ 0-1

[Event "WY Boys-U16"]
[Site "Porto Carras GRE"]
[Date "2010.10.27"]
[Round "8.4"]
[White "Van Kampen, Robin"]
[Black "Nasanjargal, Urtnasan"]
[Result "1-0"]
[WhiteTitle "IM"]
[WhiteElo "2430"]
[BlackElo "2230"]
[WhiteFideId "1020854"]
[BlackFideId "4900774"]
[EventDate "2010.10.20"]

1. e4 e5 2. Nf3 Nc6 3. Bb5 a6 4. Ba4 Nf6 5. O-O Be7 6. Re1 b5 7. Bb3 O-O 8. a4
b4 9. d4 d6 10. dxe5 Nxe5 11. Nbd2 c5 12. Nxe5 dxe5 13. Qf3 Qc7 14. Bc4 Bb7 15.
Nf1 Nd7 16. a5 Nb8 17. Ne3 Nc6 18. c3 Nxa5 19. Bd5 Bd8 20. cxb4 Nc6 21. bxc5 Nd4
22. Qg3 Bxd5 23. Nxd5 Qxc5 24. Qxe5 Qc4 25. Be3 Nc2 26. Rac1 Qa4 27. b3 Qxb3 28.
Bc5 Nxe1 29. Bxf8 Kxf8 30. Qd6+ 1-0

[Event "WY Boys-U16"]
[Site "Porto Carras GRE"]
[Date "2010.10.27"]
[Round "8.6"]
[White "Bok, Benjamin"]
[Black "Gabuzyan, Hovhannes"]
[Result "1-0"]
[WhiteTitle "IM"]
[WhiteElo "2453"]
[BlackElo "2261"]
[WhiteFideId "1017063"]
[BlackFideId "13303732"]
[EventDate "2010.10.20"]

1. e4 c5 2. Nf3 d6 3. d4 cxd4 4. Nxd4 Nf6 5. Nc3 a6 6. Bg5 e6 7. f4 Nc6 8. Nxc6
bxc6 9. e5 h6 10. Bh4 g5 11. fxg5 Nd5 12. Ne4 Qb6 13. c3 Qxb2 14. Rb1 Qxa2 15.
g6 fxg6 16. Bd3 Qxg2 17. Rf1 Rg8 18. Qa4 Bd7 19. c4 c5 20. Qb3 Qh3 21. Nxd6+
Bxd6 22. Bxg6+ 1-0

[Event "WY Boys-U16"]
[Site "Porto Carras GRE"]
[Date "2010.10.27"]
[Round "8.7"]
[White "Donskov, Anatoly"]
[Black "Bukavshin, Ivan"]
[Result "0-1"]
[BlackTitle "FM"]
[WhiteElo "2280"]
[BlackElo "2430"]
[WhiteFideId "24143413"]
[BlackFideId "4199758"]
[EventDate "2010.10.20"]

1. e4 c5 2. Nf3 e6 3. d4 cxd4 4. Nxd4 a6 5. Nc3 b5 6. Bd3 Bb7 7. O-O Nc6 8. Nxc6
Bxc6 9. Qe2 Bc5 10. Be3 Qb6 11. Bxc5 Qxc5 12. Rae1 Ne7 13. Kh1 b4 14. Nb1 Ng6
15. f4 e5 16. fxe5 Nxe5 17. Nd2 O-O 18. Nc4 Nxd3 19. cxd3 d5 20. exd5 Rae8 21.
Qd2 Qxd5 22. b3 f5 23. d4 Rxe1 24. Rxe1 f4 25. Re5 Qd7 26. d5 Bb7 27. Qe1 f3 28.
gxf3 Bxd5 29. Nd2 Qc6 30. Kg1 h6 31. Qe3 Kh8 32. Kf2 Bg8 33. Qc5 Qf6 34. Qxb4
Qxe5 35. Qxf8 Qxh2+ 36. Ke3 Qe5+ 37. Ne4 Qb2 38. b4 Qa3+ 39. Kf4 a5 40. Qa8 Qxb4
41. Ke5 Qb2+ 42. Kd6 Qxa2 43. Nc5 Qd2+ 44. Kc7 Qb4 45. Nd7 a4 46. Ne5 Qc5+ 47.
Nc6 a3 0-1

[Event "WY Boys-U16"]
[Site "Porto Carras GRE"]
[Date "2010.10.27"]
[Round "8.9"]
[White "Zhou, Yang-Fan"]
[Black "Ochsner, Bjorn Moller"]
[Result "1-0"]
[WhiteTitle "FM"]
[WhiteElo "2320"]
[BlackElo "2195"]
[WhiteFideId "468584"]
[BlackFideId "1416928"]
[EventDate "2010.10.20"]

1. e4 c5 2. Nf3 d6 3. d4 cxd4 4. Nxd4 Nf6 5. Nc3 a6 6. Bc4 e6 7. Bb3 b5 8. Bg5
Be7 9. Qf3 Qc7 10. Bxf6 Bxf6 11. O-O-O O-O 12. e5 Bb7 13. exd6 Qb6 14. Qe3 Bxg2
15. Rhg1 Bb7 16. Ne4 Bxe4 17. Qxe4 Ra7 18. Rd3 Qc5 19. Nxe6 fxe6 20. Bxe6+ Raf7
21. Rh3 h6 22. Rf3 Qe5 23. Qxe5 Bxe5 24. Re1 Bf6 25. a4 Nc6 26. axb5 Nd4 27.
Rxf6 gxf6 28. Bxf7+ Rxf7 29. bxa6 Nb5 30. Rd1 Rd7 31. c4 Na7 32. b4 1-0

[Event "WY Boys-U16"]
[Site "Porto Carras GRE"]
[Date "2010.10.27"]
[Round "8.10"]
[White "Berchtenbreiter, Maximilian"]
[Black "Cori, Jorge"]
[Result "0-1"]
[BlackTitle "GM"]
[WhiteElo "2238"]
[BlackElo "2496"]
[WhiteFideId "24641120"]
[BlackFideId "3802272"]
[EventDate "2010.10.20"]

1. e4 e6 2. d4 d5 3. Nc3 Nf6 4. e5 Nfd7 5. f4 c5 6. Nf3 Nc6 7. Be3 Rb8 8. dxc5
Bxc5 9. Bxc5 Nxc5 10. Qd2 O-O 11. Bd3 Qa5 12. O-O b5 13. Qe3 Nxd3 14. Qxd3 Qb6+
15. Kh1 h6 16. a3 b4 17. axb4 Nxb4 18. Qd2 Ba6 19. Rfd1 Rbc8 20. h3 Rc4 21. Na4
Qc7 22. c3 Nc6 23. b4 Bb5 24. Nb2 Re4 25. Re1 Rxe1+ 26. Rxe1 a5 27. Rc1 axb4 28.
cxb4 Qa7 29. f5 exf5 30. Qxd5 Nxb4 31. Qd2 Bc6 32. Nd4 Be4 33. Nc4 Nd3 34. Nc6
Nf2+ 35. Kg1 Nxh3+ 36. Kh2 Bxc6 37. gxh3 Be4 38. Rg1 Rc8 39. Ne3 Qc5 0-1

[Event "WY Boys-U16"]
[Site "Porto Carras GRE"]
[Date "2010.10.27"]
[Round "8.11"]
[White "Bajarani, Ulvi"]
[Black "Sapozhnikov, Roman"]
[Result "0-1"]
[WhiteTitle "IM"]
[WhiteElo "2408"]
[BlackElo "2226"]
[WhiteFideId "13403028"]
[BlackFideId "2601842"]
[EventDate "2010.10.20"]

1. g3 g6 2. Bg2 Bg7 3. c4 Nf6 4. Nc3 O-O 5. e4 c5 6. Nge2 Nc6 7. O-O d6 8. d3
Bd7 9. h3 a6 10. a4 Ne8 11. f4 Nc7 12. Kh2 Rb8 13. f5 b5 14. axb5 axb5 15. Rb1
Nd4 16. Nxd4 Bxd4 17. Bh6 Bg7 18. Qd2 Bc6 19. b3 bxc4 20. bxc4 Rxb1 21. Rxb1 Ne8
22. Rf1 Qb8 23. Rb1 Qd8 24. Rf1 Qb8 25. Bxg7 Kxg7 26. Rb1 Qc7 27. Qb2 Nf6 28.
Nb5 Qd7 29. g4 h6 30. Nc3 Qc7 31. Qb6 Rc8 32. Qb2 d5+ 33. Kh1 dxc4 34. dxc4 Qe5
35. Nd5 Qxb2 36. Rxb2 Bxd5 37. exd5 gxf5 38. Rb7 fxg4 39. Rxe7 h5 40. hxg4 hxg4
41. Ra7 Rd8 42. Kh2 Nd7 43. Rc7 Kf6 44. Rc6+ Kg5 45. d6 Kf4 46. Bd5 Ne5 47. Rb6
f5 48. Be6 Nf3+ 49. Kg2 Ng5 50. Bd5 Ne4 0-1

[Event "WY Boys-U16"]
[Site "Porto Carras GRE"]
[Date "2010.10.27"]
[Round "8.12"]
[White "Anton Guijarro, David"]
[Black "Meribanov, Vitaly"]
[Result "1-0"]
[WhiteTitle "FM"]
[WhiteElo "2403"]
[BlackElo "2219"]
[WhiteFideId "2285525"]
[BlackFideId "13504363"]
[EventDate "2010.10.20"]

1. d4 Nf6 2. Nf3 g6 3. c4 c5 4. d5 b5 5. cxb5 a6 6. b6 d6 7. e4 Nbd7 8. Nc3 Bg7
9. a4 a5 10. Bb5 O-O 11. O-O Nxb6 12. Qe2 Bd7 13. Rd1 Bxb5 14. axb5 Nfd7 15. Bf4
Qc7 16. Ra3 c4 17. Nd4 Bxd4 18. Rxd4 f6 19. Be3 Nc5 20. Rd1 Rfe8 21. h4 e6 22.
dxe6 Rxe6 23. h5 Rae8 24. hxg6 hxg6 25. Qg4 Kg7 26. Rxa5 Nxe4 27. Rda1 Nc8 28.
Nd5 Qf7 29. b6 Re5 30. Nc7 Rxa5 31. Rxa5 1-0

[Event "WY Boys-U16"]
[Site "Porto Carras GRE"]
[Date "2010.10.27"]
[Round "8.13"]
[White "Pardo Simon, David"]
[Black "Topak, Engin"]
[Result "1/2-1/2"]
[WhiteTitle "FM"]
[WhiteElo "2336"]
[BlackElo "2214"]
[WhiteFideId "2296276"]
[BlackFideId "6300324"]
[EventDate "2010.10.20"]

1. e4 c5 2. Nf3 e6 3. Nc3 a6 4. d4 cxd4 5. Nxd4 Qc7 6. Bd3 Nf6 7. Qe2 d6 8. f4
Nbd7 9. Bd2 Be7 10. g4 Nc5 11. g5 Nfd7 12. Rc1 Qb6 13. Nb3 Nxb3 14. cxb3 Nc5 15.
Bb1 Bd7 16. Be3 Bc6 17. b4 Qxb4 18. a3 Qb3 19. Ba2 Qxb2 20. Qxb2 Nd3+ 21. Kd2
Nxb2 22. Rb1 Na4 23. Nxa4 Bxa4 24. Rxb7 Bc6 25. Rb4 Kd7 26. Rc1 Rhc8 27. f5 Bd8
28. Rbc4 Ba5+ 29. Kd1 Bb7 30. h4 g6 31. fxe6+ fxe6 32. Rxc8 Rxc8 33. Rxc8 Bxc8
34. Bc4 Bb7 35. Bd3 Bc3 36. Ke2 Bc6 37. a4 a5 38. Bc2 Ke7 39. Bf4 Bd4 40. Bd2
Bb6 41. Bc3 Bb7 42. Bd3 e5 43. Kf3 Bc8 44. Bc4 Be6 45. Bd5 Bxd5 46. exd5 Kd7 47.
Be1 Kc7 48. Ke4 Kb7 49. Kd3 Ka6 50. Kc4 Bc5 51. Kd3 Kb6 52. Kc4 e4 53. Bg3 e3
54. Kd3 Bb4 55. Kxe3 Kc5 56. Ke4 Kc4 57. Bf4 Kb3 58. Kd3 Kxa4 59. Kc4 Bc5 60.
Bc1 Bf2 61. Bf4 Bxh4 62. Bxd6 Bxg5 63. Bf8 Bf4 64. d6 Bxd6 65. Bxd6 g5 66. Be7
h6 67. Bf8 1/2-1/2

[Event "WY Boys-U16"]
[Site "Porto Carras GRE"]
[Date "2010.10.27"]
[Round "8.15"]
[White "Malureanu, Costin-George"]
[Black "Srbis, Jurica"]
[Result "1/2-1/2"]
[WhiteElo "2146"]
[BlackElo "2277"]
[WhiteFideId "1202154"]
[BlackFideId "14515555"]
[EventDate "2010.10.20"]

1. e4 e5 2. Nf3 Nc6 3. Bb5 a6 4. Ba4 Nf6 5. d3 b5 6. Bb3 Be7 7. a4 Rb8 8. axb5
axb5 9. Nc3 d6 10. h3 O-O 11. O-O Be6 12. Nd5 Bxd5 13. exd5 Nb4 14. c4 Ra8 15.
Ra3 Qd7 16. Qd2 Rxa3 17. bxa3 Na6 18. d4 e4 19. Ne1 bxc4 20. Bxc4 Qa4 21. Qe2
Nb8 22. Nc2 c6 23. Nb4 cxd5 24. Nxd5 Bd8 25. Nxf6+ Bxf6 26. Bb2 Nc6 27. Bd5 1/2-1/2

[Event "WY Boys-U16"]
[Site "Porto Carras GRE"]
[Date "2010.10.27"]
[Round "8.16"]
[White "De Filomeno, Simone"]
[Black "Ben Artzi, Ido"]
[Result "1/2-1/2"]
[WhiteElo "2275"]
[BlackElo "2183"]
[WhiteFideId "828688"]
[BlackFideId "2810913"]
[EventDate "2010.10.20"]

1. e4 d6 2. d4 Nf6 3. Nc3 g6 4. f4 Bg7 5. Nf3 O-O 6. Bd3 Nc6 7. e5 dxe5 8. fxe5
Nh5 9. Ne2 Bg4 10. c3 Kh8 11. O-O f6 12. exf6 exf6 13. h3 Bxf3 14. Rxf3 f5 15.
Nf4 Nxf4 16. Bxf4 Ne7 17. Bc4 c6 18. Qb3 b5 19. Be6 Nd5 20. Bxd5 Qxd5 21. Qxd5
cxd5 22. Re1 Rfe8 23. Be5 Bxe5 24. dxe5 Kg7 25. g4 fxg4 26. hxg4 Re6 27. Rd3 Rd8
28. g5 h6 29. gxh6+ Kxh6 30. b3 g5 31. Kg2 a6 32. Kg3 Kh5 33. Ree3 Kg6 34. Kg4
Rf8 35. Rxd5 Rf4+ 36. Kg3 Kf5 37. Rd8 Rg4+ 38. Kf3 Rf4+ 1/2-1/2

[Event "WY Boys-U16"]
[Site "Porto Carras GRE"]
[Date "2010.10.27"]
[Round "8.17"]
[White "Andreev, Sasho"]
[Black "Liu, Chang"]
[Result "0-1"]
[WhiteElo "2254"]
[BlackElo "2162"]
[WhiteFideId "2911019"]
[BlackFideId "8606340"]
[EventDate "2010.10.20"]

1. d4 Nf6 2. c4 e6 3. Nf3 d5 4. Nc3 c6 5. Bg5 Nbd7 6. e3 Be7 7. Qc2 O-O 8. a3 b6
9. cxd5 cxd5 10. Bd3 Bb7 11. O-O a6 12. Ne5 h6 13. Bxf6 Nxf6 14. f4 Rc8 15. Qe2
b5 16. a4 b4 17. Nb1 a5 18. Nd2 Nd7 19. Nxd7 Qxd7 20. Nb3 Qd8 21. g4 Qb6 22. g5
g6 23. h4 Kg7 24. gxh6+ Kxh6 25. Rf3 Rh8 26. h5 gxh5 27. Kh1 Rcg8 28. Rh3 h4 29.
f5 exf5 30. Rf1 Bc8 31. Qf3 Qg6 32. Nxa5 Rh7 33. Qxd5 Rhg7 34. Nc4 Be6 35. Qf3
Qg2+ 36. Qxg2 Rxg2 37. Nb6 f4 38. Rhf3 fxe3 39. Rxe3 Bd8 40. a5 Rxb2 41. Bc4
Rgg2 42. Rff3 Rh2+ 43. Kg1 Bxb6 44. Bxe6 Bxd4 45. a6 fxe6 46. a7 Bxa7 0-1

[Event "WY Boys-U16"]
[Site "Porto Carras GRE"]
[Date "2010.10.27"]
[Round "8.18"]
[White "Galehdari, Bardia"]
[Black "Yashas, D."]
[Result "0-1"]
[WhiteElo "2093"]
[BlackElo "2241"]
[WhiteFideId "12505897"]
[BlackFideId "5030196"]
[EventDate "2010.10.20"]

1. e4 c5 2. Nf3 Nc6 3. d4 cxd4 4. Nxd4 Nf6 5. Nc3 e5 6. Ndb5 d6 7. Bg5 a6 8. Na3
b5 9. Nd5 Be7 10. Bxf6 Bxf6 11. c3 O-O 12. Nc2 Bg5 13. a4 bxa4 14. Rxa4 a5 15.
Bc4 Rb8 16. b3 Kh8 17. h4 Bh6 18. g4 Bf4 19. Nce3 Be6 20. Qd3 Qd7 21. f3 Bxe3
22. Qxe3 Qd8 23. Kd2 Bxd5 24. exd5 Ne7 25. Rha1 f5 26. Rxa5 fxg4 27. fxg4 Ng6
28. h5 Nh4 29. Ra7 Ng2 30. Qe4 Qg5+ 31. Kc2 Ne3+ 32. Kb1 Nxc4 33. Qxc4 Qd2 34.
R7a2 Rf1+ 0-1

[Event "WY Boys-U16"]
[Site "Porto Carras GRE"]
[Date "2010.10.28"]
[Round "9.1"]
[White "Savitskiy, Sergey"]
[Black "Dragun, Kamil"]
[Result "0-1"]
[BlackTitle "FM"]
[WhiteElo "2373"]
[BlackElo "2392"]
[WhiteFideId "24105660"]
[BlackFideId "1134167"]
[EventDate "2010.10.20"]

1. e4 c5 2. Nf3 d6 3. d4 cxd4 4. Qxd4 a6 5. c4 Nc6 6. Qe3 g6 7. h3 Bg7 8. Be2
Nf6 9. O-O O-O 10. Rd1 Bd7 11. Nc3 Rc8 12. Bd2 Qc7 13. Rac1 Qb8 14. Nd5 Be6 15.
Be1 Nd7 16. b4 Rfe8 17. b5 axb5 18. cxb5 Bxd5 19. exd5 Nce5 20. Nxe5 Bxe5 21. a4
Nc5 22. b6 Nxa4 23. Bb5 Nb2 24. Rxc8 Rxc8 25. Rc1 Qa8 26. Rc7 Rb8 27. Rxe7 Qa1
28. Rxe5 dxe5 29. Qxe5 Ra8 30. f4 Nd1 31. Kh2 Qxe5 32. fxe5 Ne3 33. d6 Nd5 34.
Bf2 Nf4 35. Bh4 h6 36. Be7 Nd5 37. Bf6 Nxb6 38. d7 Nxd7 39. Bxd7 Ra5 40. Kg3 b5
41. Kf3 Kf8 42. Ke3 b4 43. Kd4 Ra7 44. Bb5 b3 45. e6 fxe6 46. Bd3 Kf7 47. Be5 b2
48. Kc4 Rb7 49. Bb1 Rd7 50. Kb3 Rd1 51. Ka2 Re1 52. Bxb2 Re2 53. g4 Rh2 54. Bd3
Rxh3 55. Be2 Rh2 56. Bf3 Rf2 57. Bd1 Rf1 58. Be2 Re1 59. Bf3 e5 60. Bd5+ Kf6 61.
Bc6 Kg5 62. Bd7 e4 63. Bc3 Rd1 64. Ba4 Rg1 65. Bd2+ Kxg4 66. Bxh6 g5 67. Bd7+
Kh5 68. Bg7 e3 69. Bb5 Kg6 70. Bc3 e2 0-1

[Event "WY Boys-U16"]
[Site "Porto Carras GRE"]
[Date "2010.10.28"]
[Round "9.2"]
[White "Krzyzanowski, Marcin"]
[Black "Bok, Benjamin"]
[Result "1/2-1/2"]
[BlackTitle "IM"]
[WhiteElo "2356"]
[BlackElo "2453"]
[WhiteFideId "1132199"]
[BlackFideId "1017063"]
[EventDate "2010.10.20"]

1. e4 e5 2. Nf3 Nc6 3. Bc4 Nf6 4. d3 h6 5. O-O d6 6. h3 g6 7. a4 Bg7 8. Be3 O-O
9. Nc3 Bd7 10. a5 a6 11. Qd2 Kh7 12. d4 Qe7 13. dxe5 Nxe5 14. Nxe5 Qxe5 15. f4
Qe7 16. Rae1 Nxe4 17. Nxe4 Qxe4 18. Bd5 Qf5 19. Bxb7 Rab8 20. Bxa6 Bxb2 21. Bd3
Qf6 22. f5 gxf5 23. Re2 Bc3 24. Qd1 Rbe8 25. Kh1 Rg8 26. a6 Re5 27. Bd2 Bd4 28.
Rxe5 Bxe5 29. Qf3 Rg3 30. Qh5 Bc6 31. Bxf5+ Kg7 32. Rf2 Ra3 33. Rf1 Rg3 34. Rf2
Ra3 35. Rf1 Rg3 36. Rf2 Ra3 1/2-1/2

[Event "WY Boys-U16"]
[Site "Porto Carras GRE"]
[Date "2010.10.28"]
[Round "9.4"]
[White "Sadzikowski, Daniel"]
[Black "Predke, Alexandr"]
[Result "1-0"]
[WhiteElo "2351"]
[BlackElo "2436"]
[WhiteFideId "1132253"]
[BlackFideId "24107581"]
[EventDate "2010.10.20"]

1. e4 e5 2. Nf3 Nc6 3. Bb5 a6 4. Ba4 Nf6 5. O-O Be7 6. Re1 b5 7. Bb3 d6 8. c3
O-O 9. d4 Bg4 10. Be3 exd4 11. cxd4 Na5 12. Bc2 c5 13. h3 Bh5 14. g4 Bg6 15.
Nbd2 Nd7 16. Rc1 Re8 17. Bf4 cxd4 18. Nxd4 Ne5 19. b3 Bg5 20. Bxg5 Qxg5 21. N2f3
Qf6 22. Kg2 Rac8 23. Bb1 Nb7 24. b4 Nc4 25. Nf5 1-0

[Event "WY Boys-U16"]
[Site "Porto Carras GRE"]
[Date "2010.10.28"]
[Round "9.5"]
[White "Zhou, Yang-Fan"]
[Black "Van Kampen, Robin"]
[Result "1/2-1/2"]
[WhiteTitle "FM"]
[BlackTitle "IM"]
[WhiteElo "2320"]
[BlackElo "2430"]
[WhiteFideId "468584"]
[BlackFideId "1020854"]
[EventDate "2010.10.20"]

1. e4 c5 2. Nf3 d6 3. d4 cxd4 4. Nxd4 Nf6 5. Nc3 a6 6. Bg5 Nbd7 7. Bc4 Qb6 8.
Bb3 e6 9. Bxf6 Nxf6 10. f4 Be7 11. Qd2 Nd7 12. O-O-O Nc5 13. f5 Bd7 14. fxe6
fxe6 15. Rhf1 Bf6 16. Nf3 O-O-O 17. Qxd6 Qxd6 18. Rxd6 Bxc3 19. bxc3 Nxe4 20.
Rd4 Nc5 21. Ne5 Bb5 22. Rf7 Rhg8 23. Rg4 Nxb3+ 24. cxb3 Rd5 25. Nc4 Kb8 26.
Rgxg7 Rxg7 27. Rxg7 Bxc4 28. bxc4 Rf5 29. h4 Rf4 30. h5 Rxc4 31. h6 Rxc3+ 32.
Kb2 Re3 33. g4 Rg3 34. Kc2 e5 35. Kd2 e4 36. Ke2 e3 37. a4 a5 38. Rxh7 Rxg4 39.
Rh8+ Ka7 40. h7 Rh4 41. Kxe3 Kb6 42. Kd3 1/2-1/2

[Event "WY Boys-U16"]
[Site "Porto Carras GRE"]
[Date "2010.10.28"]
[Round "9.6"]
[White "Cori, Jorge"]
[Black "Yashas, D."]
[Result "1-0"]
[WhiteTitle "GM"]
[WhiteElo "2496"]
[BlackElo "2241"]
[WhiteFideId "3802272"]
[BlackFideId "5030196"]
[EventDate "2010.10.20"]

1. d4 Nf6 2. Nf3 e6 3. e3 b6 4. Bd3 Bb7 5. Nbd2 d5 6. b3 Be7 7. Bb2 Nbd7 8. O-O
O-O 9. Ne5 Ne4 10. Bxe4 dxe4 11. Nxd7 Qxd7 12. Nc4 f5 13. Ba3 Bxa3 14. Nxa3 Qe7
15. Qc1 e5 16. dxe5 Qxe5 17. Nc4 Qe6 18. Rd1 Ba6 19. Nb2 Be2 20. Rd2 Bh5 21. a4
Rad8 22. Nc4 Qf6 23. Qe1 Rxd2 24. Nxd2 Rd8 25. Nf1 c5 26. Rb1 Bf7 27. Ng3 g6 28.
Ne2 Qd6 29. Nc3 Qd2 30. Qxd2 Rxd2 31. Rc1 Be8 32. Kf1 Bc6 33. Ke1 Rd7 34. a5 b5
35. b4 cxb4 36. Na2 b3 37. cxb3 Bd5 38. Rc3 Kf7 39. Nb4 Ke6 40. Nc2 Kd6 41. Nd4
a6 42. Rc8 Rc7 43. Rd8+ Rd7 44. Rc8 Rc7 45. Rb8 Kc5 46. Rd8 Bf7 47. Ra8 Kb4 48.
Rxa6 Bxb3 49. Rb6 Ba4 50. Nc6+ Kc5 51. Nb8 Ra7 52. Na6+ Kd5 53. Kd2 b4 54. Rxb4
Rxa6 55. Rxa4 Kc5 56. Kc3 Kb5 57. Ra2 Kc5 58. h4 h6 59. g3 h5 60. Ra1 Kb5 61.
Kd4 Rd6+ 62. Ke5 Ra6 63. Kd5 Kb4 64. Kd4 Rd6+ 65. Ke5 Ra6 66. Kd5 Kc3 67. Kc5
Kb2 68. Ra4 Kb3 69. Kb5 Re6 70. Rd4 Re5+ 71. Kb6 Re6+ 72. Kb7 Re7+ 73. Kc6 Kc3
74. a6 Kb3 75. Rd7 Re5 76. a7 Ra5 77. Kb7 1-0

[Event "WY Boys-U16"]
[Site "Porto Carras GRE"]
[Date "2010.10.28"]
[Round "9.7"]
[White "Nasanjargal, Urtnasan"]
[Black "Lagarde, Maxime"]
[Result "0-1"]
[BlackTitle "FM"]
[WhiteElo "2230"]
[BlackElo "2433"]
[WhiteFideId "4900774"]
[BlackFideId "662399"]
[EventDate "2010.10.20"]

1. e4 c5 2. Nf3 d6 3. d4 cxd4 4. Nxd4 Nf6 5. Nc3 a6 6. Bg5 Nc6 7. Nb3 e6 8. Qd2
Be7 9. O-O-O Qb6 10. f3 O-O 11. g4 Rd8 12. Be3 Qc7 13. g5 Nd7 14. f4 b5 15. h4
Nc5 16. Bg2 b4 17. Ne2 a5 18. Nbd4 Nxd4 19. Bxd4 Ba6 20. Kb1 e5 21. Be3 a4 22.
Nc1 Rab8 23. b3 Bb7 24. Bxc5 dxc5 25. Qf2 c4 26. f5 Bc5 27. Qg3 axb3 28. cxb3 c3
29. Qf3 c2+ 30. Kxc2 Bg1+ 31. Kb1 Bxe4+ 32. Qxe4 Rxd1 33. Qc2 Qxc2+ 34. Kxc2
Rbd8 35. Be4 R8d2+ 36. Kb1 Be3 37. Rh3 Bf4 0-1

[Event "WY Boys-U16"]
[Site "Porto Carras GRE"]
[Date "2010.10.28"]
[Round "9.10"]
[White "Liu, Chang"]
[Black "Narayanan, Srinath"]
[Result "1-0"]
[BlackTitle "IM"]
[WhiteElo "2162"]
[BlackElo "2383"]
[WhiteFideId "8606340"]
[BlackFideId "5018420"]
[EventDate "2010.10.20"]

1. c4 Nf6 2. Nc3 g6 3. g3 Bg7 4. Bg2 O-O 5. d4 d6 6. Nf3 c6 7. O-O Qb6 8. b3 e5
9. dxe5 dxe5 10. Ba3 Re8 11. Nd2 Qa5 12. Bb2 e4 13. e3 Bf5 14. Qc2 Nbd7 15. a3
Qd8 16. b4 Qe7 17. c5 b6 18. cxb6 axb6 19. Ne2 c5 20. bxc5 Nxc5 21. Nd4 Bd7 22.
Bc3 Nd5 23. Bb4 f5 24. Qc4 Qf7 25. Qe2 Nd3 26. Nc4 N5xb4 27. Nd6 Qe7 28. Nxe8
Bxd4 29. Nc7 Bxa1 30. Nxa8 Qd8 31. axb4 Bb2 32. Rb1 Qxa8 33. Qxd3 exd3 34. Bxa8
d2 35. Bf3 Bc3 36. Rb3 Bc6 37. Bd1 1-0